000 00805cam a22002657a 4500
003 CHAP
005 20220329142036.0
008 990415 1996 au r 00010 eng d
010 _a77492
011 _a78464
035 _a88429
040 _cCHAP
090 _aFolleto 15328
100 0 0 _aThomas, Michael.
_9112851
245 1 0 _aSouth Australian oilseed industry profile
_c/by Michael Thomas
260 _a[s.l.] :
_bPrimary Industries South Australia,
_c1996.
300 _a57 p. :
_bgráfs. ; cuadros
590 _aBATCH-UPD
_b10
_c20130110
_lUCH01
_h0656
590 _aCONVERSION
_b10
_c20130109
_lUCH01
_h1343
650 1 4 _aSemillas oleaginosas
_xIndustria.
_9103949
901 _aBK
905 _aMayto Villalobos S.
942 _cFOLL
949 _aFolleto 15328
_bBC
_cFOLL
_d884291
_eTS1
_i88429
_sb
999 _c77492
_d77492